000 00646nam a2200253Ia 4500
003 OSt
005 20221005090712.0
006 a|||||r|||| 00| 0
007 ta
008 221004b |||||||| |||| 00| 0 eng d
020 _a041630320X
024 _a41148
037 _cTextual
040 _aCRL
_cCRL
_beng
041 _2eng
_aeng
082 _aO111,1L92:g, M4
100 _aKeach William
245 0 _aShelley's style
260 _aNew York
_bMethuen USA
_c1984
300 _axvii, 269p
_ccm.
650 _aENGLISH LITERATURE
942 _hO111,1L92:g, M4
_cTEXL
_2cc
999 _c996253
_d996253